Mesopotamia y Asia anterior / (Record no. 175174)

MARC details
000 -LEADER
campo de control de longitud fija 00951nam a22002415i 4500
001 - NÚMERO DE CONTROL
campo de control 175174
003 - IDENTIFICADOR DE NÚMERO DE CONTROL
campo de control ES-MaACL
005 - FECHA Y HORA DE LA ÚLTIMA TRANSACCIÓN
campo de control 20250812032640.0
008 - DATOS DE LONGITUD FIJA--INFORMACIÓN GENERAL
campo de control de longitud fija 101011s1963 sp ab |||| | spa d
080 ## - NÚMERO DE LA CLASIFICACIÓN DECIMAL UNIVERSAL
Número de la Clasificación Decimal Universal 7.032 (358)
100 0# - ENTRADA PRINCIPAL--NOMBRE DE PERSONA
Nombre de persona Woolley, Leonard
Títulos y otros términos asociados al nombre Sir.
9 (RLIN) 143553
245 10 - MENCIÓN DEL TÍTULO
Título Mesopotamia y Asia anterior /
Mención de responsabilidad, etc. por Leonard Woolley ; [traducción de Félix Formosa Torres].
260 ## - PUBLICACIÓN, DISTRIBUCIÓN, ETC.
Lugar de publicación, distribución, etc. Barcelona :
Nombre del editor, distribuidor, etc. Praxis :
-- Seix Barral,
Fecha de publicación, distribución, etc. D. L. 1963.
300 ## - DESCRIPCIÓN FÍSICA
Extensión 255 p. :
Otras características físicas il. ;
Dimensiones 24 cm.
490 1# - MENCIÓN DE SERIE
Mención de serie El arte de los pueblos. Culturas no europeas ;
Designación de volumen o secuencia 5
594 ## - Nota al título y mención de responsabilidad
Nota al título y mención de responsabilidad Tít. original: Kunst der Welt Mesopotamien und Vorderasien.
599 ## - NOTA A LAS ILUSTRACIONES
NOTA A LAS ILUSTRACIONES En port. : "60 láminas en colores, 73 dibujos, 1 mapa"
650 17 - PUNTO DE ACCESO ADICIONAL DE MATERIA--TÉRMINO DE MATERIA
Término de materia o nombre geográfico como elemento de entrada Arte asirio-babilónico
Fuente del encabezamiento o término embne
9 (RLIN) 10158
700 1# - ENTRADA AGREGADA--NOMBRE PERSONAL
Nombre de persona Formosa, Feliu,
Fechas asociadas al nombre 1934-
9 (RLIN) 51759
830 0# - PUNTO DE ACCESO ADICIONAL DE SERIE-TÍTULO UNIFORME
Título uniforme El arte de los pueblos. Culturas no europeas ;
Designación de volumen o secuencia 5
9 (RLIN) 189547
852 ## - LOCALIZACIÓN
Ubicación ES-MaACL
Número de control de estantería E-13350
Encuadernación Olim P-7
Holdings
Estatus retirado Estado de pérdida Estado de daño No para préstamo Biblioteca de origen Biblioteca actual Ubicación en estantería Fecha de adquisición Fuente de adquisición Total de préstamos Signatura topográfica completa Código de barras Visto por última vez Precio de reemplazo Tipo de ítem Koha
        Biblioteca del Ateneo de Madrid Biblioteca del Ateneo de Madrid Depósito 2 11/10/2010     E-13350 1183935 23/02/2023 23/02/2023 Libro impreso